Mechanics of optimal structural design : (Record no. 60646)
[ view plain ]
| 000 -LEADER | |
|---|---|
| fixed length control field | 01204cam a2200313 a 4500 |
| 001 - CONTROL NUMBER | |
| control field | 15815729 |
| 003 - CONTROL NUMBER IDENTIFIER | |
| control field | NUST-PNEC |
| 005 - DATE AND TIME OF LATEST TRANSACTION | |
| control field | 20170116180704.0 |
| 008 - FIXED-LENGTH DATA ELEMENTS--GENERAL INFORMATION | |
| fixed length control field | 090714s2009 enka b 001 0 eng |
| 010 ## - LIBRARY OF CONGRESS CONTROL NUMBER | |
| LC control number | 2009025913 |
| 015 ## - NATIONAL BIBLIOGRAPHY NUMBER | |
| National bibliography number | 015-17007 |
| Source | bnb |
| 015 ## - NATIONAL BIBLIOGRAPHY NUMBER | |
| National bibliography number | GBA-94203 |
| Source | bnb |
| 020 ## - INTERNATIONAL STANDARD BOOK NUMBER | |
| International Standard Book Number | 9780470746233 (cloth) |
| 020 ## - INTERNATIONAL STANDARD BOOK NUMBER | |
| International Standard Book Number | 0470746238 |
| 035 ## - SYSTEM CONTROL NUMBER | |
| System control number | (OCoLC)ocn317457278 |
| 040 ## - CATALOGING SOURCE | |
| Original cataloging agency | DLC |
| Transcribing agency | PNEC |
| Modifying agency | BTCTA |
| 050 00 - LIBRARY OF CONGRESS CALL NUMBER | |
| Classification number | TA663 |
| Item number | .R43 2009 |
| 082 00 - DEWEY DECIMAL CLASSIFICATION NUMBER | |
| Classification number | 624.170 REE |
| 100 1# - MAIN ENTRY--PERSONAL NAME | |
| Personal name | Rees, D. W. A. |
| Fuller form of name | (David W. A.), |
| Dates associated with a name | 1947- |
| 245 10 - TITLE STATEMENT | |
| Title | Mechanics of optimal structural design : |
| Remainder of title | minimum weight structures / |
| Statement of responsibility, etc. | David W.A. Rees. |
| 260 ## - PUBLICATION, DISTRIBUTION, ETC. | |
| Place of publication, distribution, etc. | Chichester, U.K. : |
| Name of publisher, distributor, etc. | J. Wiley, |
| Date of publication, distribution, etc. | 2009. |
| 300 ## - PHYSICAL DESCRIPTION | |
| Extent | xxi, 560 p. : |
| Other physical details | ill. ; |
| Dimensions | 25 cm. |
| 500 ## - GENERAL NOTE | |
| General note | http://www.amazon.com/Mechanics-Optimal-Structural-Design-Structures/dp/0470746238/ref=sr_1_1?ie=UTF8&qid=1410768334&sr=8-1&keywords=0470746238 |
| 504 ## - BIBLIOGRAPHY, ETC. NOTE | |
| Bibliography, etc. note | Includes bibliographical references (p. 549-551) and index. |
| 650 #0 - SUBJECT ADDED ENTRY--TOPICAL TERM | |
| Topical term or geographic name entry element | Lightweight construction. |
| General subdivision | ME |
| 906 ## - LOCAL DATA ELEMENT F, LDF (RLIN) | |
| a | 7 |
| b | cbc |
| c | orignew |
| d | 1 |
| e | ecip |
| f | 20 |
| g | y-gencatlg |
| 942 ## - ADDED ENTRY ELEMENTS (KOHA) | |
| Source of classification or shelving scheme | |
| Koha item type | Book |
| Withdrawn status | Lost status | Source of classification or shelving scheme | Damaged status | Not for loan | Permanent Location | Current Location | Shelving location | Date acquired | Source of acquisition | Coded location qualifier | Cost, normal purchase price | Total Checkouts | Full call number | Barcode | Date last seen | Cost, replacement price | Price effective from | Koha item type |
|---|---|---|---|---|---|---|---|---|---|---|---|---|---|---|---|---|---|---|
| Pakistan Navy Engineering College (PNEC) | Pakistan Navy Engineering College (PNEC) | Reference | 06/21/2011 | Royal Book Company | 2005-07-19 | 981.00 | 624.170 REE | PNECLIB-030473 | 09/15/2014 | 981.00 | 06/21/2011 | Book |
